Deconstruction and Criticism (Record no. 16237)

MARC details
000 -LEADER
fixed length control field 00591nam a2200241 a 4500
020 ## - INTERNATIONAL STANDARD BOOK NUMBER
ISBN
082 00 - DEWEY DECIMAL CLASSIFICATION NUMBER
Classification number 801.951
Author Cutter BLO
100 ## - MAIN ENTRY--AUTHOR NAME
Author name Bloom, Harold
245 ## - TITLE STATEMENT
Title Deconstruction and Criticism
260 ## - PUBLICATION, DISTRIBUTION, ETC. (IMPRINT)
Place of publication New York
Name of publisher Continuum
Year of publication 2005
300 ## - PHYSICAL DESCRIPTION
Number of Pages 208p
500 ## - GENERAL NOTE
General note includes index and biblioraphy
650 ## - SUBJECT ADDED ENTRY--TOPICAL TERM
Topical Term Criticism-20th Century
650 ## - SUBJECT ADDED ENTRY--TOPICAL TERM
Topical Term Critism-20th Century
942 ## - ADDED ENTRY ELEMENTS (KOHA)
Koha item type Books
700 1# -
-- Bloom, Harold
Holdings
Collection code Home library Current library Date acquired Cost, normal purchase price Full call number Accession Number Koha item type
  Henry Martyn Institute Library Henry Martyn Institute Library 08/29/2007 195.00 801.951 BLO 021588 Books
                   Copyright © 2026 | Henry Martyn Institute | Hyderabad | TS-500052 | INDIA | Implemented by hmi.edu.in
Hit-Count:

Powered by Koha